<?xml version="1.0" encoding="UTF-8"?>
<record
    xmlns:xsi="http://www.w3.org/2001/XMLSchema-instance"
    xsi:schemaLocation="http://www.loc.gov/MARC21/slim http://www.loc.gov/standards/marcxml/schema/MARC21slim.xsd"
    xmlns="http://www.loc.gov/MARC21/slim">

  <leader>01046nam a22003137a 4500</leader>
  <controlfield tag="003">BPGM</controlfield>
  <controlfield tag="005">20260704193209.0</controlfield>
  <controlfield tag="008">260704s1999    mx o|||gr||||s001 0 spa d</controlfield>
  <datafield tag="020" ind1=" " ind2=" ">
    <subfield code="a">SIN ISBN</subfield>
  </datafield>
  <datafield tag="040" ind1=" " ind2=" ">
    <subfield code="a">BPGM</subfield>
    <subfield code="b">spa</subfield>
  </datafield>
  <datafield tag="041" ind1=" " ind2=" ">
    <subfield code="a">SPA</subfield>
    <subfield code="h">SPA</subfield>
  </datafield>
  <datafield tag="082" ind1="0" ind2="4">
    <subfield code="a">972.7245</subfield>
    <subfield code="b">S47</subfield>
  </datafield>
  <datafield tag="110" ind1=" " ind2=" ">
    <subfield code="a">GOBIERNO DEL ESTADO DE QUER&#xC9;TARO </subfield>
  </datafield>
  <datafield tag="245" ind1=" " ind2=" ">
    <subfield code="a">OBRAS DE MANUEL SEPTI&#xC9;N Y SEPTI&#xC9;N</subfield>
  </datafield>
  <datafield tag="260" ind1=" " ind2=" ">
    <subfield code="a">QUER&#xC9;TARO, M&#xC9;XICO,</subfield>
    <subfield code="b">GOBIERNO DEL ESTADO DE QUER&#xC9;TARO.</subfield>
    <subfield code="c">1999</subfield>
  </datafield>
  <datafield tag="300" ind1=" " ind2=" ">
    <subfield code="a">4 VOLUMENES </subfield>
    <subfield code="c">23 cm. x 16.5 cm.</subfield>
  </datafield>
  <datafield tag="336" ind1=" " ind2=" ">
    <subfield code="2">rdacontent</subfield>
    <subfield code="a">texto</subfield>
    <subfield code="b">txt</subfield>
  </datafield>
  <datafield tag="337" ind1=" " ind2=" ">
    <subfield code="2">rdamedia</subfield>
    <subfield code="a">sin mediaci&#xF3;n</subfield>
    <subfield code="b">n</subfield>
  </datafield>
  <datafield tag="338" ind1=" " ind2=" ">
    <subfield code="2">rdacarrier</subfield>
    <subfield code="a">volumen </subfield>
    <subfield code="b">nc</subfield>
  </datafield>
  <datafield tag="490" ind1="0" ind2=" ">
    <subfield code="a">OBRAS DE MANUEL DE SEPTI&#xC9;N Y SEPTI&#xC9;N.</subfield>
  </datafield>
  <datafield tag="505" ind1=" " ind2=" ">
    <subfield code="a">V.1 - HISTORIA DE QUER&#xC9;TARO.</subfield>
  </datafield>
  <datafield tag="505" ind1=" " ind2=" ">
    <subfield code="a">V.2 - OBRAS MONOGR&#xC1;FICAS.</subfield>
  </datafield>
  <datafield tag="505" ind1=" " ind2=" ">
    <subfield code="a">V.3 - DOCUMENTOS PARA LA HISTORIA DE QUER&#xC9;TARO.</subfield>
  </datafield>
  <datafield tag="505" ind1=" " ind2=" ">
    <subfield code="a">V.4 - ART&#xCD;CULOS HIST&#xD3;RICOS.</subfield>
  </datafield>
  <datafield tag="650" ind1=" " ind2=" ">
    <subfield code="2">MESOAM&#xC9;RICA (AM&#xC9;RICA MEDIA) M&#xC9;XICO.</subfield>
  </datafield>
  <datafield tag="650" ind1=" " ind2=" ">
    <subfield code="2">HISTORIA GENERAL DE AM&#xC9;RICA DEL NORTE.</subfield>
  </datafield>
  <datafield tag="650" ind1=" " ind2=" ">
    <subfield code="2">GEOGRAF&#xCD;A E HISTORIA.</subfield>
  </datafield>
  <datafield tag="942" ind1=" " ind2=" ">
    <subfield code="2">ddc</subfield>
    <subfield code="c">COLQ</subfield>
  </datafield>
  <datafield tag="952" ind1=" " ind2=" ">
    <subfield code="0">0</subfield>
    <subfield code="1">0</subfield>
    <subfield code="2">ddc</subfield>
    <subfield code="3">V.1</subfield>
    <subfield code="4">0</subfield>
    <subfield code="7">2</subfield>
    <subfield code="8">ESPQ</subfield>
    <subfield code="a">BPCEFC</subfield>
    <subfield code="b">BPCEFC</subfield>
    <subfield code="c">SALA QUERETARO ACCESO B PLANTA ALTA </subfield>
    <subfield code="d">2026-07-04</subfield>
    <subfield code="e">DONACI&#xD3;N</subfield>
    <subfield code="l">0</subfield>
    <subfield code="o">CQ / 972.7245 / S47</subfield>
    <subfield code="r">2026-07-04 18:59:26</subfield>
    <subfield code="t">EJ.1</subfield>
    <subfield code="w">2026-07-04</subfield>
    <subfield code="y">COLQ</subfield>
  </datafield>
  <datafield tag="952" ind1=" " ind2=" ">
    <subfield code="0">0</subfield>
    <subfield code="1">0</subfield>
    <subfield code="2">ddc</subfield>
    <subfield code="3">V.1</subfield>
    <subfield code="4">0</subfield>
    <subfield code="7">2</subfield>
    <subfield code="8">ESPQ</subfield>
    <subfield code="a">BPCEFC</subfield>
    <subfield code="b">BPCEFC</subfield>
    <subfield code="c">SALA QUERETARO ACCESO B PLANTA ALTA </subfield>
    <subfield code="d">2026-07-04</subfield>
    <subfield code="e">DONACI&#xD3;N</subfield>
    <subfield code="l">0</subfield>
    <subfield code="o">CQ / 972.7245 / S47</subfield>
    <subfield code="r">2026-07-04 18:59:26</subfield>
    <subfield code="t">EJ.2</subfield>
    <subfield code="w">2026-07-04</subfield>
    <subfield code="y">COLQ</subfield>
  </datafield>
  <datafield tag="952" ind1=" " ind2=" ">
    <subfield code="0">0</subfield>
    <subfield code="1">0</subfield>
    <subfield code="2">ddc</subfield>
    <subfield code="3">V.1</subfield>
    <subfield code="4">0</subfield>
    <subfield code="7">2</subfield>
    <subfield code="8">ESPQ</subfield>
    <subfield code="a">BPCEFC</subfield>
    <subfield code="b">BPCEFC</subfield>
    <subfield code="c">SALA QUERETARO ACCESO B PLANTA ALTA </subfield>
    <subfield code="d">2026-07-04</subfield>
    <subfield code="e">DONACI&#xD3;N</subfield>
    <subfield code="l">0</subfield>
    <subfield code="o">CQ / 972.7245 / S47</subfield>
    <subfield code="r">2026-07-04 18:59:26</subfield>
    <subfield code="t">EJ.3</subfield>
    <subfield code="w">2026-07-04</subfield>
    <subfield code="y">COLQ</subfield>
  </datafield>
  <datafield tag="952" ind1=" " ind2=" ">
    <subfield code="0">0</subfield>
    <subfield code="1">0</subfield>
    <subfield code="2">ddc</subfield>
    <subfield code="3">V.1</subfield>
    <subfield code="4">0</subfield>
    <subfield code="7">2</subfield>
    <subfield code="8">ESPQ</subfield>
    <subfield code="a">BPCEFC</subfield>
    <subfield code="b">BPCEFC</subfield>
    <subfield code="c">SALA QUERETARO ACCESO B PLANTA ALTA </subfield>
    <subfield code="d">2026-07-04</subfield>
    <subfield code="e">DONACI&#xD3;N</subfield>
    <subfield code="l">0</subfield>
    <subfield code="o">CQ / 972.7245 / S47</subfield>
    <subfield code="r">2026-07-04 18:59:26</subfield>
    <subfield code="t">EJ.4</subfield>
    <subfield code="w">2026-07-04</subfield>
    <subfield code="y">COLQ</subfield>
  </datafield>
  <datafield tag="952" ind1=" " ind2=" ">
    <subfield code="0">0</subfield>
    <subfield code="1">0</subfield>
    <subfield code="2">ddc</subfield>
    <subfield code="3">V.2</subfield>
    <subfield code="4">0</subfield>
    <subfield code="7">2</subfield>
    <subfield code="8">ESPQ</subfield>
    <subfield code="a">BPCEFC</subfield>
    <subfield code="b">BPCEFC</subfield>
    <subfield code="c">SALA QUERETARO ACCESO B PLANTA ALTA </subfield>
    <subfield code="d">2026-07-04</subfield>
    <subfield code="e">DONACI&#xD3;N</subfield>
    <subfield code="l">0</subfield>
    <subfield code="o">CQ / 972.7245 / S47</subfield>
    <subfield code="r">2026-07-04 18:59:26</subfield>
    <subfield code="t">EJ.1</subfield>
    <subfield code="w">2026-07-04</subfield>
    <subfield code="y">COLQ</subfield>
  </datafield>
  <datafield tag="952" ind1=" " ind2=" ">
    <subfield code="0">0</subfield>
    <subfield code="1">0</subfield>
    <subfield code="2">ddc</subfield>
    <subfield code="3">V.2</subfield>
    <subfield code="4">0</subfield>
    <subfield code="7">2</subfield>
    <subfield code="8">ESPQ</subfield>
    <subfield code="a">BPCEFC</subfield>
    <subfield code="b">BPCEFC</subfield>
    <subfield code="c">SALA QUERETARO ACCESO B PLANTA ALTA </subfield>
    <subfield code="d">2026-07-04</subfield>
    <subfield code="e">DONACI&#xD3;N</subfield>
    <subfield code="l">0</subfield>
    <subfield code="o">CQ / 972.7245 / S47</subfield>
    <subfield code="r">2026-07-04 18:59:26</subfield>
    <subfield code="t">EJ.2</subfield>
    <subfield code="w">2026-07-04</subfield>
    <subfield code="y">COLQ</subfield>
  </datafield>
  <datafield tag="952" ind1=" " ind2=" ">
    <subfield code="0">0</subfield>
    <subfield code="1">0</subfield>
    <subfield code="2">ddc</subfield>
    <subfield code="3">V.2</subfield>
    <subfield code="4">0</subfield>
    <subfield code="7">2</subfield>
    <subfield code="8">ESPQ</subfield>
    <subfield code="a">BPCEFC</subfield>
    <subfield code="b">BPCEFC</subfield>
    <subfield code="c">SALA QUERETARO ACCESO B PLANTA ALTA </subfield>
    <subfield code="d">2026-07-04</subfield>
    <subfield code="e">DONACI&#xD3;N</subfield>
    <subfield code="l">0</subfield>
    <subfield code="o">CQ / 972.7245 / S47</subfield>
    <subfield code="r">2026-07-04 18:59:26</subfield>
    <subfield code="t">EJ.3</subfield>
    <subfield code="w">2026-07-04</subfield>
    <subfield code="y">COLQ</subfield>
  </datafield>
  <datafield tag="952" ind1=" " ind2=" ">
    <subfield code="0">0</subfield>
    <subfield code="1">0</subfield>
    <subfield code="2">ddc</subfield>
    <subfield code="3">V.2</subfield>
    <subfield code="4">0</subfield>
    <subfield code="7">2</subfield>
    <subfield code="8">ESPQ</subfield>
    <subfield code="a">BPCEFC</subfield>
    <subfield code="b">BPCEFC</subfield>
    <subfield code="c">SALA QUERETARO ACCESO B PLANTA ALTA </subfield>
    <subfield code="d">2026-07-04</subfield>
    <subfield code="e">DONACI&#xD3;N</subfield>
    <subfield code="l">0</subfield>
    <subfield code="o">CQ / 972.7245 / S47</subfield>
    <subfield code="r">2026-07-04 18:59:26</subfield>
    <subfield code="t">EJ.4</subfield>
    <subfield code="w">2026-07-04</subfield>
    <subfield code="y">COLQ</subfield>
  </datafield>
  <datafield tag="952" ind1=" " ind2=" ">
    <subfield code="0">0</subfield>
    <subfield code="1">0</subfield>
    <subfield code="2">ddc</subfield>
    <subfield code="3">V.2</subfield>
    <subfield code="4">0</subfield>
    <subfield code="7">2</subfield>
    <subfield code="8">ESPQ</subfield>
    <subfield code="a">BPCEFC</subfield>
    <subfield code="b">BPCEFC</subfield>
    <subfield code="c">SALA QUERETARO ACCESO B PLANTA ALTA </subfield>
    <subfield code="d">2026-07-04</subfield>
    <subfield code="e">DONACI&#xD3;N</subfield>
    <subfield code="l">0</subfield>
    <subfield code="o">CQ / 972.7245 / S47</subfield>
    <subfield code="p">42146</subfield>
    <subfield code="r">2026-07-04 18:59:26</subfield>
    <subfield code="t">EJ.4</subfield>
    <subfield code="w">2026-07-04</subfield>
    <subfield code="y">COLQ</subfield>
  </datafield>
  <datafield tag="952" ind1=" " ind2=" ">
    <subfield code="0">0</subfield>
    <subfield code="1">0</subfield>
    <subfield code="2">ddc</subfield>
    <subfield code="3">V.3</subfield>
    <subfield code="4">0</subfield>
    <subfield code="7">2</subfield>
    <subfield code="8">ESPQ</subfield>
    <subfield code="a">BPCEFC</subfield>
    <subfield code="b">BPCEFC</subfield>
    <subfield code="c">SALA QUERETARO ACCESO B PLANTA ALTA </subfield>
    <subfield code="d">2026-07-04</subfield>
    <subfield code="e">DONACI&#xD3;N</subfield>
    <subfield code="l">0</subfield>
    <subfield code="o">CQ / 972.7245 / S47</subfield>
    <subfield code="r">2026-07-04 18:59:26</subfield>
    <subfield code="t">EJ.1</subfield>
    <subfield code="w">2026-07-04</subfield>
    <subfield code="y">COLQ</subfield>
  </datafield>
  <datafield tag="952" ind1=" " ind2=" ">
    <subfield code="0">0</subfield>
    <subfield code="1">0</subfield>
    <subfield code="2">ddc</subfield>
    <subfield code="3">V.3</subfield>
    <subfield code="4">0</subfield>
    <subfield code="7">2</subfield>
    <subfield code="8">ESPQ</subfield>
    <subfield code="a">BPCEFC</subfield>
    <subfield code="b">BPCEFC</subfield>
    <subfield code="c">SALA QUERETARO ACCESO B PLANTA ALTA </subfield>
    <subfield code="d">2026-07-04</subfield>
    <subfield code="e">DONACI&#xD3;N</subfield>
    <subfield code="l">0</subfield>
    <subfield code="o">CQ / 972.7245 / S47</subfield>
    <subfield code="r">2026-07-04 18:59:26</subfield>
    <subfield code="t">EJ.2</subfield>
    <subfield code="w">2026-07-04</subfield>
    <subfield code="y">COLQ</subfield>
  </datafield>
  <datafield tag="952" ind1=" " ind2=" ">
    <subfield code="0">0</subfield>
    <subfield code="1">0</subfield>
    <subfield code="2">ddc</subfield>
    <subfield code="3">V.3</subfield>
    <subfield code="4">0</subfield>
    <subfield code="7">2</subfield>
    <subfield code="8">ESPQ</subfield>
    <subfield code="a">BPCEFC</subfield>
    <subfield code="b">BPCEFC</subfield>
    <subfield code="c">SALA QUERETARO ACCESO B PLANTA ALTA </subfield>
    <subfield code="d">2026-07-04</subfield>
    <subfield code="e">DONACI&#xD3;N</subfield>
    <subfield code="l">0</subfield>
    <subfield code="o">CQ / 972.7245 / S47</subfield>
    <subfield code="r">2026-07-04 18:59:26</subfield>
    <subfield code="t">EJ.3</subfield>
    <subfield code="w">2026-07-04</subfield>
    <subfield code="y">COLQ</subfield>
  </datafield>
  <datafield tag="952" ind1=" " ind2=" ">
    <subfield code="0">0</subfield>
    <subfield code="1">0</subfield>
    <subfield code="2">ddc</subfield>
    <subfield code="3">V.3</subfield>
    <subfield code="4">0</subfield>
    <subfield code="7">2</subfield>
    <subfield code="8">ESPQ</subfield>
    <subfield code="a">BPCEFC</subfield>
    <subfield code="b">BPCEFC</subfield>
    <subfield code="c">SALA QUERETARO ACCESO B PLANTA ALTA </subfield>
    <subfield code="d">2026-07-04</subfield>
    <subfield code="e">DONACI&#xD3;N</subfield>
    <subfield code="l">0</subfield>
    <subfield code="o">CQ / 972.7245 / S47</subfield>
    <subfield code="r">2026-07-04 18:59:26</subfield>
    <subfield code="t">EJ.4</subfield>
    <subfield code="w">2026-07-04</subfield>
    <subfield code="y">COLQ</subfield>
  </datafield>
  <datafield tag="952" ind1=" " ind2=" ">
    <subfield code="0">0</subfield>
    <subfield code="1">0</subfield>
    <subfield code="2">ddc</subfield>
    <subfield code="3">V.3</subfield>
    <subfield code="4">0</subfield>
    <subfield code="7">2</subfield>
    <subfield code="8">ESPQ</subfield>
    <subfield code="a">BPCEFC</subfield>
    <subfield code="b">BPCEFC</subfield>
    <subfield code="c">SALA QUERETARO ACCESO B PLANTA ALTA </subfield>
    <subfield code="d">2026-07-04</subfield>
    <subfield code="e">DONACI&#xD3;N</subfield>
    <subfield code="l">0</subfield>
    <subfield code="o">CQ / 972.7245 / S47</subfield>
    <subfield code="r">2026-07-04 18:59:26</subfield>
    <subfield code="t">EJ.4</subfield>
    <subfield code="w">2026-07-04</subfield>
    <subfield code="y">COLQ</subfield>
  </datafield>
  <datafield tag="952" ind1=" " ind2=" ">
    <subfield code="0">0</subfield>
    <subfield code="1">0</subfield>
    <subfield code="2">ddc</subfield>
    <subfield code="3">V.4</subfield>
    <subfield code="4">0</subfield>
    <subfield code="7">2</subfield>
    <subfield code="8">ESPQ</subfield>
    <subfield code="a">BPCEFC</subfield>
    <subfield code="b">BPCEFC</subfield>
    <subfield code="c">SALA QUERETARO ACCESO B PLANTA ALTA </subfield>
    <subfield code="d">2026-07-04</subfield>
    <subfield code="e">DONACI&#xD3;N</subfield>
    <subfield code="l">0</subfield>
    <subfield code="o">CQ / 972.7245 / S47</subfield>
    <subfield code="p">42642</subfield>
    <subfield code="r">2026-07-04 18:59:26</subfield>
    <subfield code="t">EJ.1</subfield>
    <subfield code="w">2026-07-04</subfield>
    <subfield code="y">COLQ</subfield>
  </datafield>
  <datafield tag="952" ind1=" " ind2=" ">
    <subfield code="0">0</subfield>
    <subfield code="1">0</subfield>
    <subfield code="2">ddc</subfield>
    <subfield code="3">V.4</subfield>
    <subfield code="4">0</subfield>
    <subfield code="7">2</subfield>
    <subfield code="8">ESPQ</subfield>
    <subfield code="a">BPCEFC</subfield>
    <subfield code="b">BPCEFC</subfield>
    <subfield code="c">SALA QUERETARO ACCESO B PLANTA ALTA </subfield>
    <subfield code="d">2026-07-04</subfield>
    <subfield code="e">DONACI&#xD3;N</subfield>
    <subfield code="l">0</subfield>
    <subfield code="o">CQ / 972.7245 / S47</subfield>
    <subfield code="p">42644</subfield>
    <subfield code="r">2026-07-04 18:59:26</subfield>
    <subfield code="t">EJ.2</subfield>
    <subfield code="w">2026-07-04</subfield>
    <subfield code="y">COLQ</subfield>
  </datafield>
  <datafield tag="952" ind1=" " ind2=" ">
    <subfield code="0">0</subfield>
    <subfield code="1">0</subfield>
    <subfield code="2">ddc</subfield>
    <subfield code="3">V.4</subfield>
    <subfield code="4">0</subfield>
    <subfield code="7">2</subfield>
    <subfield code="8">ESPQ</subfield>
    <subfield code="a">BPCEFC</subfield>
    <subfield code="b">BPCEFC</subfield>
    <subfield code="c">SALA QUERETARO ACCESO B PLANTA ALTA </subfield>
    <subfield code="d">2026-07-04</subfield>
    <subfield code="e">DONACI&#xD3;N</subfield>
    <subfield code="l">0</subfield>
    <subfield code="o">CQ / 972.7245 / S47</subfield>
    <subfield code="p">42643</subfield>
    <subfield code="r">2026-07-04 18:59:26</subfield>
    <subfield code="t">EJ.3</subfield>
    <subfield code="w">2026-07-04</subfield>
    <subfield code="y">COLQ</subfield>
  </datafield>
  <datafield tag="952" ind1=" " ind2=" ">
    <subfield code="0">0</subfield>
    <subfield code="1">0</subfield>
    <subfield code="2">ddc</subfield>
    <subfield code="3">V.4</subfield>
    <subfield code="4">0</subfield>
    <subfield code="7">2</subfield>
    <subfield code="8">ESPQ</subfield>
    <subfield code="a">BPCEFC</subfield>
    <subfield code="b">BPCEFC</subfield>
    <subfield code="c">SALA QUERETARO ACCESO B PLANTA ALTA </subfield>
    <subfield code="d">2026-07-04</subfield>
    <subfield code="e">DONACI&#xD3;N</subfield>
    <subfield code="l">0</subfield>
    <subfield code="o">CQ / 972.7245 / S47</subfield>
    <subfield code="p">42645</subfield>
    <subfield code="r">2026-07-04 18:59:26</subfield>
    <subfield code="t">EJ.4</subfield>
    <subfield code="w">2026-07-04</subfield>
    <subfield code="y">COLQ</subfield>
  </datafield>
  <datafield tag="999" ind1=" " ind2=" ">
    <subfield code="c">68758</subfield>
    <subfield code="d">68758</subfield>
  </datafield>
</record>
